Words Sharing Names With Cities - Statistics

General Stats
  • This quiz has been taken 118 times
  • The average score is 7 of 15
Answer Stats
Definition Word / City Country % Correct
a mythical bird known for its cyclical rebirth Phoenix United States
93%
a large North American bison Buffalo United States
91%
an act or process of immersing and washing one's body Bath United Kingdom
73%
a punctuation mark used to precede a list of items Colón El Salvador
61%
a five-line poem with a specific structure and rhyme scheme Limerick Ireland
60%
a large, flat, pale green bean Lima Peru
54%
pleasant; agreeable; satisfactory Nice France
51%
capable of moving or being moved Mobile United States
42%
any of a breed of very small, roundheaded dogs Chihuahua Mexico
41%
divide into two or more groups Split Croatia
41%
a pungent hot-tasting red powder Cayenne France (French Guiana)
34%
an ideal or idyllic place or state Paradise United States
23%
a large smoked, seasoned sausage Bologna Italy
12%
a boy Malé Maldives
12%
the elastic, tough outer tissue of the ____ oak Cork Ireland
10%
No matching quizzes found
Score Distribution
Percent of People with Each Score
Percentile by Number Answered
Your Score History
You have not taken this quiz